00496nam a22001457a 4500020000800000040001600008082001300024100003500037245007600072260003200148300004400180942001200224999001900236952009500255 qPB. cFIZZA ISHAQ a510bGOL aGoldstein , Larry J. 9101542 aFinite Mathematics & Its Applications Math 106 /c Larry J. Goldstein. aNew York:bPearson ,c2010. a393 p. ;c‎ 8.24 x 1.12 x 10.3 inches 2ddccBK c616951d616951 00102ddc4070aNQCbNQCcGENd2026-04-09l0o510 GOLpQD-108r2026-04-09w2026-04-09yBK